|
|
|
|
| LEADER |
00000nam0a2200000 4500 |
| 001 |
18120 |
| 005 |
20231101205202.0 |
| 035 |
|
|
|a (RuTPU)RU\TPU\book\18269
|
| 035 |
|
|
|a BOOK00018339
|
| 090 |
|
|
|a 18120
|
| 100 |
|
|
|a 20011209d1991 k y0rusy50 ca
|
| 101 |
1 |
|
|a rus
|c cze
|
| 102 |
|
|
|a BY
|
| 105 |
|
|
|a y z 000zy
|
| 200 |
1 |
|
|a Сила бессильных
|e пер. с чеш.
|f В. Гавел
|
| 210 |
|
|
|a Минск
|c Полифакт
|d 1991
|
| 215 |
|
|
|a 126 с.
|
| 225 |
1 |
|
|a Встречная мысль
|
| 610 |
1 |
|
|a политика
|
| 610 |
1 |
|
|a Чехословакия
|
| 610 |
1 |
|
|a тоталитаризм
|
| 610 |
1 |
|
|a социальное развитие
|
| 610 |
1 |
|
|a политическая идеология
|
| 610 |
1 |
|
|a социалистическое общество
|
| 686 |
|
|
|a Ф2(0)
|v LBC/SL-A
|2 rubbk
|
| 700 |
|
1 |
|a Гавел
|b В.
|c президент Чехии
|f 1936-
|g Вацлав
|2 stltpush
|3 (RuTPU)RU\TPU\pers\958
|9 423
|
| 801 |
|
0 |
|a RU
|b 63413507
|c 20011209
|g PSBO
|
| 801 |
|
2 |
|a RU
|b 63413507
|c 20080409
|g PSBO
|
| 942 |
|
|
|c BK
|